Państwa graniczące z Boliwią - Statystyki

Ogólne statystyki
  • Ten quiz został rozwiązany 97 razy
  • Średni wynik to 5 z 5
Statystyki odpowiedzi
Długość granicy w km Odpowiedź % Poprawnych
3400 Brazylia
100%
724 Argentyna
99%
861 Chile
96%
900 Peru
94%
750 Paragwaj
93%
Nie znaleziono quizów pasujących do podanych kryteriów
Rozkład punktacji
Procent ludzi z każdym wynikiem
Percentyl według liczby udzielonych odpowiedzi
Twoja historia wyników
Nie rozwiązałeś tego quizu